000 01693nam a2200349 i 4500
001 768714001
003 CO-MdFUSB
005 20240826170734.0
007 ta
008 240604t1991 -us |||| |||| 001 0deng d
020 _a0-8006-2472-6
040 _aCO-MdFUSB
_bspa
_cCO-MdFUSB
_dCO-MdFUSB
_erda
041 0 _aeng
082 0 4 _a226.406
_223
_bK55
100 1 _aKingsbury, Jack Dean
_eautor
245 1 0 _aConflict in Luke
_b: Jesus, authorities, disciples
_c/ Jack Dean Kingsbury
264 1 _aMinneapolis, Estados Unidos :
_bFortress Press,
_c[1991]
264 4 _c©1991
300 _a180 páginas
_c; 21 cm
336 _2rdacontent
_atexto
_btxt
337 _2rdamedia
_asin mediación
_bn
338 _2rdacarrer
_avolumen
_bnc
505 _tIntroducción. -- La historia de Jesus. -- La historia de las autoridades. -- La historia de los discipulos.
520 _aDespués de un capítulo introductorio que presenta el contexto del Evangelio de Lucas, destacando los personajes (narrador, Dios, Satanás, Jesús, discípulos, autoridades religiosas, personas, personajes secundarios) y la trama, Kingsbury vuelve a contar el Evangelio como la historia de Jesús, la historia de las autoridades y la historia de los discípulos. Este relato enfatiza a Jesús como el Mesías de Israel y el Hijo de Dios y revela a las autoridades religiosas como santurrones, mientras que los discípulos son vistos como espiritualmente inmaduros.
563 _aRústica
630 0 7 _aBiblia.
_pEvangelios
630 0 7 _aBiblia.
_vLucas
_xCrítica, interpretación, etc.
650 7 _aHermenéutica bíblica
_2embne
_97333
942 _cBK
945 _aLuz Peña
999 _c44029
_d44029